00940nam a2200229 a 4500001001000000003000400010005001700014008004100031040002500072082002500097100003300122245013300155260003800288300002000326500004300346590002700389650005100416910003700467942001400504952017500518999001700693000030650OSt20201123103321.0110525s1927 dr r 000 | spa d aDO-SdBNPbspacBNPHU 4aR 340.025bV635c2221 aVicioso Soto, Horacio92365810aCuadro cronológico de los abogados y defensores de la República :bdesde el año 1840 hasta la fecha /cHoracio V. Vicioso. aSanto Domingo :bMontalvo,c1927. a13 p. ;c21 cm. aIncluye notas al pie de las páginas. aInventariado, 2018/ YL 4aAbogadoszRepública Dominicanay1840-977360 aValidado. Control de calidad MFF 2ddccLBS1 00102ddc51718RVaPDbPDcHDd2011-05-26iLF1l0oR 340.025 V635cp30650-10r2020-06-25w2020-06-25y1zPerteneció a la biblioteca personal de Julio Ortega Frier. c30142d30142